| 000 | 00775nam a2200229 a 4500 | ||
|---|---|---|---|
| 008 | |||
| 020 | _a0671711172 (pbk. ) | ||
| 049 | _aMAIN | ||
| 090 | 0 | _aBF637.S8 COV | |
| 100 | 1 | _aCovey, Stephen R. | |
| 245 | 1 | 4 |
_aThe seven habits of highly effective people : _brestoring the character ethic / _cStephen R. Covey. |
| 260 |
_aNew York : _bSimon and Schuster, _c1989. |
||
| 300 |
_a358 p. : _bill. ; _c24 cm. |
||
| 500 | _aCover title: The seven habits of highly effective people: powerful lessons in personal change. | ||
| 650 | 0 |
_aSuccess _xPsychological aspects. |
|
| 650 | 0 | _aCharacter. | |
| 907 |
_a.b10076207 _b12-02-07 _c03-06-03 |
||
| 003 | |||
| 005 | 20230123133252.0 | ||
| 040 | _cNUST | ||
| 942 |
_cBOOKS _kBF637.S8 COV |
||
| 999 |
_c145657 _d145657 |
||